[Event "Madrid-ch Previa-B"]
[Site "Madrid"]
[Date "2020.02.14"]
[Round "4"]
[White "De Dompablo Fantova, Juan"]
[Black "Martin Rodriguez, Jose Luis"]
[Result "1-0"]
[WhiteElo "1664"]
[BlackElo "1197"]
[PlyCount "61"]
[EventDate "2020.02.06"]
[EventType "swiss"]
[EventRounds "9"]
[EventCountry "ESP"]
[SourceTitle "CBM 195 Extra"]
[Source "ChessBase"]
[SourceDate "2020.05.31"]
[SourceVersion "1"]
[SourceVersionDate "2020.05.31"]
[SourceQuality "1"]

1. e4 e6 2. d3 d5 3. Nd2 c5 4. Ngf3 Nc6 5. g3 Nf6 6. Bg2 Be7 7. 0-0 0-0 8. Re1 b5 9. Nf1 h6 10. Qe2 Bb7 11. e5 Nh7 12. h4 Qd7 13. N1h2 c4 14. d4 Rfe8 15. Bh3 Bd8 16. c3 a5 17. g4 b4 18. Kh1 f5 19. gxf5 exf5 20. Rg1 Qe6 21. h5 Kh8 22. Rg6 Nf6 23. Bxh6 gxh6 24. Rxh6+ Kg7 25. Rg6+ Kh8 26. Qd2 Qf7 27. exf6 Bxf6 28. Rh6+ Kg7 29. Rg1+ Kf8 30. Bxf5 Ke7 31. Rh7 1-0

[Event "Collado Villalba 64 op 7th"]
[Site "Collado Villalba"]
[Date "2019.08.03"]
[Round "8"]
[White "Rapaport, Andres Natalio"]
[Black "Martin Rodriguez, Jose Luis"]
[Result "1-0"]
[WhiteElo "1283"]
[BlackElo "1271"]
[PlyCount "95"]
[EventDate "2019.07.29"]
[EventType "swiss"]
[EventRounds "9"]
[EventCountry "ESP"]
[SourceTitle "CBM 195 Extra"]
[Source "ChessBase"]
[SourceDate "2020.05.31"]
[SourceVersion "1"]
[SourceVersionDate "2020.05.31"]
[SourceQuality "1"]

1. e4 e6 2. d4 d5 3. Nc3 Nf6 4. exd5 exd5 5. Nf3 c5 6. Bb5+ Nc6 7. 0-0 a6 8. Re1+ Be6 9. Bxc6+ bxc6 10. Ng5 Qd7 11. Nxe6 fxe6 12. Ne2 0-0-0 13. c3 c4 14. b3 Be7 15. b4 Ne4 16. f3 Ng5 17. a4 h6 18. b5 a5 19. bxc6 Qxc6 20. Bf4 Bd6 21. Bxd6 Qxd6 22. Rb1 Kc7 23. Rb5 Ra8 24. Qc2 Qe7 25. Rc5+ Kd6 26. Qg6 Rhc8 27. Nf4 Rxc5 28. dxc5+ Kd7 29. Nxd5 Qxc5+ 30. Ne3 Rf8 31. Qxg7+ Qe7 32. Qd4+ Qd6 33. Qa7+ Qc7 34. Rd1+ Kc8 35. Qa6+ Qb7 36. Qxc4+ Qc7 37. Qxc7+ Kxc7 38. Kf2 Rd8 39. h4 Nf7 40. Rd4 Rxd4 41. cxd4 Kc6 42. g4 e5 43. dxe5 Nxe5 44. f4 Nd3+ 45. Kf3 Nc5 46. f5 Nxa4 47. g5 h5 48. g6 1-0

[Event "Collado Villalba 64 op 7th"]
[Site "Collado Villalba"]
[Date "2019.07.30"]
[Round "2"]
[White "Lopez Rodriguez, Guillermo"]
[Black "Martin Rodriguez, Jose Luis"]
[Result "1-0"]
[WhiteElo "1570"]
[BlackElo "1271"]
[PlyCount "31"]
[EventDate "2019.07.29"]
[EventType "swiss"]
[EventRounds "9"]
[EventCountry "ESP"]
[SourceTitle "CBM 195 Extra"]
[Source "ChessBase"]
[SourceDate "2020.05.31"]
[SourceVersion "1"]
[SourceVersionDate "2020.05.31"]
[SourceQuality "1"]

1. e4 e6 2. d4 d5 3. Nc3 dxe4 4. Nxe4 Nf6 5. Bd3 Nbd7 6. Nf3 Nxe4 7. Bxe4 Nf6 8. Bd3 Bd6 9. Ne5 c5 10. c3 cxd4 11. Bb5+ Bd7 12. Nxd7 Nxd7 13. Qxd4 Bf8 14. Bg5 Qc7 15. Rd1 h6 16. Bxd7+ 1-0

[Event "Alcorcon Spring op-B 1st"]
[Site "Alcorcon"]
[Date "2019.05.26"]
[Round "9"]
[White "Arribas Lopez, Sara"]
[Black "Martin Rodriguez, Jose Luis"]
[Result "1-0"]
[WhiteElo "1649"]
[BlackElo "1347"]
[PlyCount "69"]
[EventDate "2019.03.24"]
[EventType "swiss"]
[EventRounds "9"]
[EventCountry "ESP"]
[SourceTitle "EXT 2020"]
[Source "ChessBase"]
[SourceDate "2019.10.17"]
[SourceVersion "1"]
[SourceVersionDate "2019.10.17"]
[SourceQuality "1"]

1. e4 e6 2. d4 d5 3. e5 c5 4. Qg4 Nc6 5. Nf3 cxd4 6. Bd3 h6 7. a3 Nge7 8. 0-0 Ng6 9. Bxg6 fxg6 10. Qxg6+ Kd7 11. b4 Qe8 12. Qg4 Qf7 13. Bb2 Be7 14. Bxd4 Kc7 15. Be3 Bd7 16. Nbd2 h5 17. Qg3 Rag8 18. h4 Qf5 19. Qf4 Qxf4 20. Bxf4 Rf8 21. Be3 Rf5 22. c4 Nxe5 23. Nxe5 Rxe5 24. Bf4 Bf6 25. Nf3 Kc6 26. Nxe5+ Bxe5 27. Bxe5 Rg8 28. cxd5+ exd5 29. Rac1+ Kb6 30. Rc7 Bb5 31. Rd1 Re8 32. Bg3 Re2 33. Rxg7 Bc4 34. a4 Bb3 35. Rg6+ 1-0

[Event "Madrid-ch Seniors 50"]
[Site "Madrid"]
[Date "2019.01.16"]
[Round "8"]
[White "Martin Rodriguez, Jose Luis"]
[Black "Lopez Guitian, Juan J"]
[Result "0-1"]
[WhiteElo "1285"]
[BlackElo "1577"]
[PlyCount "70"]
[EventDate "2019.01.07"]
[EventType "swiss"]
[EventRounds "9"]
[EventCountry "ESP"]
[SourceTitle "CBM 188 Extra"]
[Source "ChessBase"]
[SourceDate "2019.02.28"]
[SourceVersion "1"]
[SourceVersionDate "2019.02.28"]
[SourceQuality "1"]

1. c4 e5 2. Nc3 Nf6 3. Nf3 Nc6 4. g3 Bb4 5. Bg2 0-0 6. 0-0 Re8 7. d3 h6 8. a3 Bxc3 9. bxc3 e4 10. Nd4 d6 11. Rb1 Ne5 12. a4 c6 13. Ba3 c5 14. Nb3 Rb8 15. Nc1 b6 16. f3 e3 17. Nb3 Bb7 18. Bc1 Ng6 19. Na1 d5 20. Nc2 Ba6 21. Nxe3 d4 22. cxd4 Qxd4 23. Rf2 Rxe3 24. Bxe3 Qxe3 25. Qe1 Re8 26. Rb2 Ne5 27. Qd2 Qd4 28. Kf1 Rd8 29. h4 Nxc4 30. dxc4 Qxd2 31. Rxd2 Rxd2 32. Ke1 Rc2 33. Bf1 Rxc4 34. e3 Rxa4 35. Rd2 Ra1+ 0-1

[Event "San Sebastian de los Reyes op 20th"]
[Site "San Sebastian"]
[Date "2018.12.03"]
[Round "3"]
[White "Munoz Gonzalez, Martin"]
[Black "Martin Rodriguez, Jose Luis"]
[Result "0-1"]
[WhiteElo "1414"]
[BlackElo "1270"]
[PlyCount "132"]
[EventDate "2018.12.01"]
[EventType "swiss"]
[EventRounds "9"]
[EventCountry "ESP"]
[SourceTitle "CBM 187 Extra"]
[Source "ChessBase"]
[SourceDate "2018.11.04"]
[SourceVersion "1"]
[SourceVersionDate "2018.11.04"]
[SourceQuality "1"]

1. b3 Nf6 2. Bb2 g6 3. Nf3 Bg7 4. e3 0-0 5. c4 d6 6. Nc3 Nc6 7. Rb1 Bf5 8. h3 Bxb1 9. Qxb1 Re8 10. d3 e5 11. Qa1 Nb4 12. Qc1 Qd7 13. a3 Nc6 14. Be2 Ne7 15. 0-0 Nc6 16. Qa1 a6 17. Nd2 Qe6 18. Bf3 Qd7 19. Nde4 Nxe4 20. Nxe4 f5 21. Ng3 Rab8 22. Bd5+ Kh8 23. Rd1 Re7 24. Bf3 Qe8 25. Be2 Kg8 26. Nf1 Qf8 27. Nd2 Nd8 28. Rf1 Qe8 29. a4 a5 30. Bc3 b6 31. b4 axb4 32. Bxb4 Nc6 33. Ba3 Nd8 34. Qb1 Qxa4 35. Bb2 Qd7 36. Rd1 Ra8 37. Bf3 Rb8 38. Qc1 Qe8 39. Ba3 Ne6 40. Bd5 Kh8 41. Qc2 Qd7 42. g3 c6 43. Bg2 Rc8 44. Qb3 Rb8 45. h4 h5 46. Bh3 Qc7 47. Nf3 e4 48. dxe4 fxe4 49. Bxd6 Qa7 50. Bxb8 Qxb8 51. c5 Nxc5 52. Qb4 exf3 53. Rc1 Nd3 54. Qxe7 Nxc1 55. Bd7 Ne2+ 56. Kh2 c5 57. Qe4 Qf8 58. Qxg6 Qf6 59. Qxh5+ Kg8 60. Qe8+ Kh7 61. Qe4+ Kh6 62. Bg4 Qe5 63. Qxf3 Nc3 64. Qb7 Qf6 65. Qd5 Nxd5 66. Bf3 Qxf3 0-1

[Event "Collado Villalba op-B 35th"]
[Site "Collado Villalba"]
[Date "2018.08.30"]
[Round "7"]
[White "Benito Alba, Eladio"]
[Black "Martin Rodriguez, Jose Luis"]
[Result "1/2-1/2"]
[WhiteElo "1535"]
[BlackElo "1266"]
[PlyCount "46"]
[EventDate "2018.08.24"]
[EventType "swiss"]
[EventRounds "9"]
[EventCountry "ESP"]
[SourceTitle "CBM 186 Extra"]
[Source "ChessBase"]
[SourceDate "2018.08.24"]
[SourceVersion "1"]
[SourceVersionDate "2018.08.24"]
[SourceQuality "1"]

1. d4 Nf6 2. c4 e6 3. Nc3 Bb4 4. Nf3 0-0 5. e3 c5 6. Bd3 d5 7. 0-0 dxc4 8. Bxc4 cxd4 9. exd4 Nc6 10. a3 Bxc3 11. bxc3 Nd5 12. Qc2 h6 13. Re1 Nce7 14. Ne5 Qc7 15. Bd2 b6 16. Bd3 Nf6 17. f4 Bb7 18. f5 exf5 19. Bxf5 Nxf5 20. Qxf5 Qd6 21. Re2 Rae8 22. Bf4 Qe6 23. Qxe6 Rxe6 1/2-1/2

[Event "Madrid Tajamar Easter op-B"]
[Site "Madrid"]
[Date "2018.03.25"]
[Round "5"]
[White "Blasco Gallardo, Francisco"]
[Black "Martin Rodriguez, Jose Luis"]
[Result "1-0"]
[WhiteElo "1456"]
[BlackElo "1317"]
[PlyCount "99"]
[EventDate "2018.03.22"]
[EventType "swiss"]
[EventRounds "7"]
[EventCountry "ESP"]
[SourceTitle "EXT 2019"]
[Source "ChessBase"]
[SourceDate "2018.10.10"]
[SourceVersion "1"]
[SourceVersionDate "2018.10.10"]
[SourceQuality "1"]

1. c4 c5 2. Nc3 Nc6 3. g3 g6 4. Bg2 Bg7 5. e3 Nf6 6. Nge2 0-0 7. 0-0 e5 8. h3 d6 9. b3 Bf5 10. d3 Qd7 11. Kh2 Nb4 12. e4 Be6 13. a3 Nc6 14. Be3 Rfd8 15. Qd2 Kh8 16. Bh6 Rg8 17. Bxg7+ Rxg7 18. Nd5 Ng8 19. f4 f5 20. Qb2 Nd4 21. Nec3 a6 22. a4 Qf7 23. Nb6 Rd8 24. Ncd5 Nh6 25. Ne3 g5 26. fxe5 dxe5 27. exf5 Nhxf5 28. Nbd5 Qg6 29. Ng4 Bxd5 30. Bxd5 h5 31. Nxe5 Qe8 32. Rae1 Re7 33. Rxf5 Nxf5 34. Ng6+ Kh7 35. Nxe7 Nxe7 36. Be4+ Kh6 37. Qf6+ Ng6 38. h4 gxh4 39. gxh4 Qe5+ 40. Qxe5 Nxe5 41. Bxb7 Ng4+ 42. Kg3 Rxd3+ 43. Kf4 Rd6 44. Bd5 a5 45. Re6+ Rxe6 46. Bxe6 Kg6 47. Bxg4 hxg4 48. Kxg4 Kh6 49. h5 Kh7 50. Kg5 1-0

[Event "Madrid-ch Previa-B"]
[Site "Madrid"]
[Date "2018.02.23"]
[Round "8"]
[White "Sierra Garcia, Ricardo"]
[Black "Martin Rodriguez, Jose Luis"]
[Result "1-0"]
[WhiteElo "1380"]
[BlackElo "1300"]
[PlyCount "91"]
[EventDate "2018.02.01"]
[EventType "swiss"]
[EventRounds "9"]
[EventCountry "ESP"]
[SourceTitle "EXT 2020"]
[Source "ChessBase"]
[SourceDate "2019.10.17"]
[SourceVersion "1"]
[SourceVersionDate "2019.10.17"]
[SourceQuality "1"]

1. e4 e6 2. d4 d5 3. Nc3 dxe4 4. Nxe4 Nd7 5. Nf3 Ngf6 6. Bd3 Nxe4 7. Bxe4 Nf6 8. Bd3 c5 9. c3 cxd4 10. Nxd4 Bd7 11. 0-0 Bd6 12. Re1 0-0 13. Qb3 Re8 14. Bg5 Rb8 15. Nf3 h6 16. Bh4 Bc6 17. Bb5 Qb6 18. Bxf6 gxf6 19. Bxc6 Qxc6 20. Re2 Kh8 21. Rae1 Rg8 22. Kf1 Rbe8 23. Re4 Rg7 24. c4 e5 25. Nh4 Rg5 26. Qf3 Bb4 27. R1e2 Qe6 28. g4 Rd8 29. Nf5 h5 30. Qh3 Kh7 31. f4 Rxf5 32. gxf5 Qd7 33. Qxh5+ Kg7 34. Rg2+ Kf8 35. Qe2 Qd1+ 36. Qxd1 Rxd1+ 37. Kf2 Bc5+ 38. Kf3 Rd4 39. b3 Rxe4 40. Kxe4 Bd4 41. h4 Ke7 42. h5 Bc5 43. fxe5 fxe5 44. h6 Kf6 45. h7 Bf8 46. h8Q+ 1-0

[Event "Madrid-ch Seniors 65 1718"]
[Site "Madrid"]
[Date "2018.01.26"]
[Round "5"]
[White "Martin Rodriguez, Jose Luis"]
[Black "Martinez Carrasco, Jesus"]
[Result "0-1"]
[WhiteElo "1302"]
[BlackElo "1568"]
[PlyCount "73"]
[EventDate "2018.01.22"]
[EventType "swiss"]
[EventRounds "7"]
[EventCountry "ESP"]
[SourceTitle "EXT 2020"]
[Source "ChessBase"]
[SourceDate "2019.10.17"]
[SourceVersion "1"]
[SourceVersionDate "2019.10.17"]
[SourceQuality "1"]

1. c4 c6 2. Nc3 Nf6 3. Nf3 d5 4. cxd5 cxd5 5. d4 Nc6 6. Bf4 a6 7. e3 Nh5 8. Bg3 Nxg3 9. hxg3 g6 10. Bd3 Bg7 11. 0-0 Bg4 12. Qb3 b5 13. Qxd5 Nb4 14. Qxd8+ Rxd8 15. Be4 Bd7 16. Rac1 f5 17. Bb1 0-0 18. a3 Nc6 19. Rcd1 e6 20. d5 exd5 21. Nxd5 Be6 22. Ba2 Kh8 23. Rd2 Ne5 24. Rfd1 Rd6 25. Ng5 Bg8 26. Ne7 Rxd2 27. Rxd2 Bxa2 28. f4 Nc4 29. Rd5 Nxe3 30. Rd6 Bf6 31. Rd7 Bxg5 32. fxg5 Bc4 33. b3 Bg8 34. Rd6 Re8 35. Rd7 Ng4 36. Ra7 Bxb3 37. Rxa6 0-1

[Event "Madrid-ch Seniors 65 1718"]
[Site "Madrid"]
[Date "2018.01.22"]
[Round "1"]
[White "Ramos Isasi, Jose Luis"]
[Black "Martin Rodriguez, Jose Luis"]
[Result "1-0"]
[WhiteElo "1760"]
[BlackElo "1302"]
[PlyCount "49"]
[EventDate "2018.01.22"]
[EventType "swiss"]
[EventRounds "7"]
[EventCountry "ESP"]
[SourceTitle "EXT 2020"]
[Source "ChessBase"]
[SourceDate "2019.10.17"]
[SourceVersion "1"]
[SourceVersionDate "2019.10.17"]
[SourceQuality "1"]

1. d4 Nf6 2. c4 e6 3. Nf3 d5 4. Nc3 Bb4 5. Bg5 Bxc3+ 6. bxc3 h6 7. Bh4 Nbd7 8. e3 dxc4 9. Bxc4 Nb6 10. Bd3 g5 11. Bg3 Rf8 12. 0-0 Nh5 13. Be5 Nd7 14. c4 Nxe5 15. Nxe5 Ng7 16. Qc2 Qd6 17. Rad1 f5 18. Qb2 Nh5 19. d5 Nf6 20. c5 Qxc5 21. Bb5+ Bd7 22. Nxd7 Nxd7 23. dxe6 Ke7 24. Bxd7 Rad8 25. Qg7+ 1-0

[Event "Madrid-ch Seniors 50"]
[Site "Madrid"]
[Date "2018.01.12"]
[Round "5"]
[White "Martin Rodriguez, Jose Luis"]
[Black "Perez Gonzalez, Eugenio"]
[Result "1-0"]
[WhiteElo "1302"]
[BlackElo "1518"]
[PlyCount "61"]
[EventDate "2018.01.08"]
[EventType "swiss"]
[EventRounds "9"]
[EventCountry "ESP"]
[SourceTitle "CBM 182 Extra"]
[Source "ChessBase"]
[SourceDate "2018.02.23"]
[SourceVersion "1"]
[SourceVersionDate "2018.02.23"]
[SourceQuality "1"]

1. c4 c5 2. Nc3 e6 3. Nf3 Nc6 4. g3 Nf6 5. Bg2 Be7 6. 0-0 0-0 7. d4 cxd4 8. Nxd4 Rb8 9. Nxc6 bxc6 10. Qc2 Bb7 11. Rd1 Qc7 12. Ne4 Rbd8 13. c5 Nxe4 14. Bxe4 f5 15. Bd3 Qc8 16. Bf4 Ba6 17. Bd6 Bxd3 18. Rxd3 Rfe8 19. Bxe7 Rxe7 20. Rd6 g6 21. Rad1 Qc7 22. R1d3 Kf7 23. h4 e5 24. Qd2 Kg8 25. Qg5 Rg7 26. Qd2 Re7 27. h5 gxh5 28. Qg5+ Rg7 29. Qxf5 h4 30. Qxe5 Re8 31. Qxe8# 1-0